| 000 | 00671nam a22002057a 4500 | ||
|---|---|---|---|
| 999 |
_c46 _d46 |
||
| 001 | 002094 | ||
| 003 | OSt002094 | ||
| 005 | 20181026173854.0 | ||
| 008 | 180709b ck ||||| |||| 00| 0 spa d | ||
| 035 | _aADC6768 LA | ||
| 082 | 0 | 4 |
_aRES 510.7 _bU74m _219 ed. |
| 100 | 1 | _aUribe Cálad, Julio A. | |
| 245 | 1 | 0 |
_aMatemáticas básicas y operativas / _cJulio A. Uribe Cálad. |
| 260 |
_aMedellín : _bEdiciones Susaeta, _c1986. |
||
| 300 |
_a639 p. : _bil. ; _c28 cm. |
||
| 650 | 6 |
_aMatemáticas _x Enseñanza. |
|
| 650 |
_aMatemáticas _v Problemas, ejercicios, lenguaje matemático, lógica matemática, metodos de demostración |
||
| 942 |
_2ddc _cRES |
||
| 949 |
_ac _bn |
||